00402nam a22001577a 450000500170000001000130001702000260003003500130005603700090006908200100007810000130008824500470010126000350014827000330018330000280021620210413151015.0 aB-739796 a9788176042529c110.00 aB-739796 bGift a133.6 aCheiro's aCheiro's language of the hand /cby Cheiro aDelhibRaja Pocket Booksc2011 a330/1, BuraribDelhie110084 a195p.:c22cm(pbk)bill.